Jedes amerikanische Land nach Umriss - Statistiken

Allgemein
  • Dieses Quiz wurde 123 mal gespielt
  • Das Durchschnittsergebnis liegt bei 20 aus 35
Antwortstatistiken
Bildquiz Antwort % Korrekt
Chile
100%
Kanada
97%
Vereinigte Staaten
97%
Mexiko
94%
Brasilien
89%
Argentinien
85%
Kuba
85%
Panama
76%
Peru
70%
Haiti
67%
Kolumbien
65%
Bolivien
63%
Ecuador
63%
Bahamas
56%
Venezuela
56%
Dominikanische Republik
55%
Belize
52%
Trinidad und Tobago
52%
Costa Rica
51%
Guyana
49%
Jamaika
49%
Nicaragua
48%
Paraguay
47%
Guatemala
45%
St. Vincent und die Grenadinen
45%
Antigua und Barbuda
44%
St. Kitts und Nevis
44%
Uruguay
42%
El Salvador
37%
Grenada
36%
Honduras
35%
Dominica
34%
Barbados
33%
Suriname
33%
St. Lucia
30%
Keine übereinstimmenden Quizze gefunden
Verteilung der Resultate
Anzahl Personen mit jedem Resultat
Perzentil nach korrekt beantworteten Fragen
Ihre Resultats-Entwicklung
Sie haben dieses Quiz noch nicht gespielt